Les bourgeois - Jacques Brel - Statistiques

Statistiques générales
  • Ce quiz a été pris 59 fois
  • Le résultat moyen est 261 sur 321
Statistiques - réponses
Paroles % Correct
c...
100%
l'
100%
Le
100%
le
100%
bourgeois
97%
Les
97%
les
97%
bête
95%
ça
95%
c'est
95%
cochons
95%
comme
95%
de
95%
De
95%
devient
95%
je
95%
plus
95%
Plus
95%
la
92%
vieux
92%
n'
90%
des
87%
En
87%
en
87%
Et
87%
et
87%
leur
87%
un
87%
cul
85%
-culs
85%
me
85%
On
85%
on
85%
au
82%
Au
82%
minuit
82%
nos
82%
pour
82%
qui
82%
Qui
82%
vers
82%
ami
79%
Avec
79%
avec
79%
bonnes
79%
chantant
79%
manières
79%
pas
79%
que
79%
Que
79%
se
79%
Commissaire
77%
dans
77%
moi
77%
Moi
77%
Monsieur
77%
notre
77%
Trois
77%
bière
74%
Chez
74%
chez
74%
fier
74%
Montalant
74%
nous
74%
Pierre
74%
Voltaire
74%
Casanova
72%
était
72%
hôtel
72%
Jojo
72%
montrait
72%
yeux
72%
cœur
69%
encore
69%
Faisans
69%
notaires
69%
peigne-
69%
quand
69%
suis
69%
ans
67%
jeunes
67%
prenais
67%
prenait
67%
sortaient
67%
vingt
67%
bien
64%
derrière
64%
osait
64%
sortant
64%
Adrienne
62%
chaud
62%
grosse
62%
ils
62%
maître
62%
allait
59%
boire
59%
parle
59%
passaient
59%
resté
59%
montrent
56%
dansait
54%
Entre
54%
restait
54%
sur
54%
vicaire
54%
aussi
49%
bar
49%
Disent-
49%
j'étais
49%
repos
49%
saoul
49%
temps
49%
passe
46%
presque
46%
brûler
38%
terre
38%
soirs
36%
tous
36%
Aucun quiz correspondant
Distribution des résultats
% des personnes avec chaque résultat
Percentile par nombre de réponses
Votre historique - résultats
Vous n’avez pas pris ce quiz